[Event "Condom op 2nd"]
[Site "Condom"]
[Date "2003.07.17"]
[Round "8"]
[White "Milharoux, Guillaume"]
[Black "Nita, Lucian"]
[Result "1-0"]
[WhiteElo "2109"]
[BlackElo "2256"]
[PlyCount "57"]
[EventDate "2003.07.12"]
[EventType "swiss"]
[EventRounds "9"]
[EventCountry "FRA"]
[SourceTitle "CBM 095 Extra"]
[Source "ChessBase"]
[SourceDate "2003.09.04"]
[SourceVersion "1"]
[SourceVersionDate "2003.09.04"]
[SourceQuality "1"]

1. e4 c5 2. Nf3 d6 3. d4 cxd4 4. Nxd4 Nf6 5. Nc3 a6 6. Bg5 e6 7. f4 Be7 8. Qf3 Nc6 9. 0-0-0 Qc7 10. Nxc6 Qxc6 11. Bd3 Bd7 12. Rhe1 Qc5 13. f5 Nd5 14. exd5 Bxg5+ 15. Kb1 Bf6 16. Ne4 Qd4 17. c3 Qe5 18. Ng3 Qxe1 19. Rxe1 e5 20. Ne4 Ke7 21. g4 h6 22. Qe3 Rad8 23. c4 Bh4 24. Rg1 f6 25. c5 dxc5 26. Qxc5+ Kf7 27. Qc7 Rhf8 28. Nd6+ Kg8 29. Nxb7 1-0

[Event "FRA-chT2S"]
[Site "France"]
[Date "2003.03.15"]
[Round "9.7"]
[White "Milharoux, Guillaume"]
[Black "Canneva, Florian"]
[Result "0-1"]
[WhiteElo "2074"]
[BlackElo "2090"]
[PlyCount "98"]
[EventDate "2002.10.??"]
[EventType "team"]
[EventRounds "11"]
[EventCountry "FRA"]
[SourceTitle "EXT 2004"]
[Source "ChessBase"]
[SourceDate "2003.11.25"]
[SourceVersion "1"]
[SourceVersionDate "2003.11.25"]
[SourceQuality "1"]

1. e4 c6 2. d4 d5 3. exd5 cxd5 4. Bd3 Nc6 5. Nf3 Bg4 6. c3 Qc7 7. Bg5 e6 8. Nbd2 Bd6 9. Qb3 Nge7 10. 0-0 0-0 11. Rfe1 a6 12. a4 Bf5 13. Bxe7 Nxe7 14. Qc2 b5 15. Bxf5 Nxf5 16. Qd3 Rab8 17. g4 Ne7 18. h4 Ng6 19. h5 Nf4 20. Qe3 Nh3+ 21. Kf1 Bf4 22. Qd3 Ng5 23. Nxg5 Bxg5 24. Nf3 Be7 25. axb5 axb5 26. Qe3 b4 27. g5 g6 28. hxg6 hxg6 29. Kg2 Bd6 30. Rh1 Bf4 31. Qd3 Qe7 32. Rh3 Kg7 33. Rah1 Rh8 34. c4 dxc4 35. Qxc4 Bxg5 36. d5 Bf6 37. b3 exd5 38. Qxd5 Rxh3 39. Rxh3 Qe6 40. Qd2 Rh8 41. Rxh8 Qg4+ 42. Kf1 Kxh8 43. Qe3 Kg7 44. Ne5 Qd1+ 45. Kg2 Qd5+ 46. Nf3 Bc3 47. Qc1 Qxb3 48. Nh2 Qd5+ 49. Kg1 Qd2 0-1

[Event "FRA-chT2S"]
[Site "France"]
[Date "2003.03.15"]
[Round "8.4"]
[White "Milharoux, Guillaume"]
[Black "Rolland, Benjamin"]
[Result "1/2-1/2"]
[WhiteElo "2236"]
[BlackElo "2074"]
[PlyCount "78"]
[EventDate "2002.10.??"]
[EventType "team"]
[EventRounds "11"]
[EventCountry "FRA"]
[SourceTitle "EXT 2004"]
[Source "ChessBase"]
[SourceDate "2003.11.25"]
[SourceVersion "1"]
[SourceVersionDate "2003.11.25"]
[SourceQuality "1"]

1. e4 e5 2. f4 exf4 3. Bc4 Nf6 4. Nc3 c6 5. Bb3 Bb4 6. e5 Bxc3 7. bxc3 Ne4 8. Nf3 0-0 9. Ba3 Re8 10. 0-0 d5 11. exd6 Bg4 12. d3 Qb6+ 13. d4 Nd7 14. Qd3 c5 15. Rae1 Nef6 16. Ng5 Bh5 17. Qc4 cxd4 18. cxd4 Rec8 19. Qd3 Qa5 20. Nh3 Bg6 21. Qf3 Bh5 22. Qd3 f3 23. Bb2 fxg2 24. Kxg2 Bg6 25. Qe2 Re8 26. Qf2 Qh5 27. Re7 Rxe7 28. dxe7 Be4+ 29. Kg1 Qxh3 30. Re1 Qg4+ 31. Kf1 Re8 32. Ba3 Bd5 33. c4 Qh3+ 34. Kg1 Ne4 35. Qe3 Qg4+ 36. Kf1 Qf5+ 37. Kg1 Qg6+ 38. Kf1 Qf5+ 39. Kg1 Qg4+ 1/2-1/2

[Event "FRA-chT2S"]
[Site "France"]
[Date "2003.02.02"]
[Round "7.3"]
[White "Milharoux, Guillaume"]
[Black "Pascal, Pierre"]
[Result "1-0"]
[WhiteElo "2074"]
[BlackElo "2193"]
[PlyCount "125"]
[EventDate "2002.10.??"]
[EventType "team"]
[EventRounds "11"]
[EventCountry "FRA"]
[SourceTitle "EXT 2004"]
[Source "ChessBase"]
[SourceDate "2003.11.25"]
[SourceVersion "1"]
[SourceVersionDate "2003.11.25"]
[SourceQuality "1"]

1. e4 c5 2. Nf3 e6 3. d4 cxd4 4. Nxd4 a6 5. Bd3 Bc5 6. Nb3 Ba7 7. 0-0 d6 8. c4 Ne7 9. Nc3 0-0 10. Kh1 e5 11. f4 exf4 12. Bxf4 Nbc6 13. Qh5 Ne5 14. Bxe5 dxe5 15. Qxe5 Qxd3 16. Qxe7 Qxc4 17. Nd5 Be6 18. Qxb7 Rfb8 19. Qc6 Qxc6 20. Ne7+ Kf8 21. Nxc6 Rc8 22. Nbd4 Bxd4 23. Nxd4 Ke7 24. b3 Rc3 25. Nf5+ Bxf5 26. Rxf5 Rac8 27. Raf1 f6 28. e5 R8c6 29. h3 fxe5 30. Rxe5+ Kd6 31. Ra5 R3c5 32. Ra4 Rg5 33. Rff4 Kc7 34. Kh2 Kb6 35. Rg4 Rxg4 36. Rxg4 g6 37. Kg3 Rc2 38. Ra4 a5 39. Kf3 Kb5 40. h4 Rd2 41. g3 Rd3+ 42. Kf4 Rd2 43. Kg5 Rg2 44. g4 Rh2 45. h5 gxh5 46. gxh5 Rg2+ 47. Kh6 Rh2 48. Rg4 Rxa2 49. Kxh7 Ra3 50. Rg3 Kb4 51. h6 a4 52. Rg4+ Kxb3 53. Rg3+ Kb2 54. Rxa3 Kxa3 55. Kg6 Ka2 56. h7 a3 57. h8Q Kb1 58. Qh1+ Kb2 59. Qg2+ Kb1 60. Qf1+ Kb2 61. Qe2+ Kb1 62. Qd1+ Kb2 63. Qd2+ 1-0

[Event "Naujac op 05th"]
[Site "Naujac"]
[Date "2002.07.05"]
[Round "7"]
[White "Milharoux, Guillaume"]
[Black "Wohl, Aleksandar H"]
[Result "0-1"]
[WhiteElo "2040"]
[BlackElo "2388"]
[PlyCount "70"]
[EventDate "2002.06.30"]
[EventType "swiss"]
[EventRounds "9"]
[EventCountry "FRA"]
[SourceTitle "CBM 089 Extra"]
[Source "ChessBase"]
[SourceDate "2002.09.10"]
[SourceVersion "2"]
[SourceVersionDate "2002.09.10"]
[SourceQuality "1"]

1. e4 c6 2. d4 Na6 3. Nf3 g6 4. c3 Nc7 5. Bd3 Bg7 6. 0-0 d6 7. Bf4 Nf6 8. h3 0-0 9. Nbd2 c5 10. Qe2 cxd4 11. cxd4 Nh5 12. Bh2 Bh6 13. Kh1 Kg7 14. Nc4 Nf4 15. Bxf4 Bxf4 16. g3 Bh6 17. Kg2 Kg8 18. Ne3 Bg7 19. e5 b6 20. Be4 Ba6 21. Bd3 Bxd3 22. Qxd3 dxe5 23. d5 Ne6 24. Ng4 Nc5 25. Qc4 e4 26. Ng5 e6 27. Nxf7 Rxf7 28. dxe6 Re7 29. Rad1 Qf8 30. f3 Qf5 31. Rd6 exf3+ 32. Rxf3 Qe4 33. Qxe4 Nxe4 34. Rd7 Rxd7 35. exd7 Nc5 0-1

[Event "FRA-ch U16"]
[Site "Hyeres"]
[Date "2002.??.??"]
[Round "2.3"]
[White "Milharoux, Guillaume"]
[Black "Beudaert, Xavier"]
[Result "0-1"]
[WhiteElo "2040"]
[BlackElo "2209"]
[PlyCount "30"]
[EventDate "2002.04.05"]
[EventType "swiss"]
[EventRounds "9"]
[EventCountry "FRA"]
[SourceTitle "EXT 2003"]
[Source "ChessBase"]
[SourceDate "2002.11.25"]
[SourceVersion "1"]
[SourceVersionDate "2002.11.25"]
[SourceQuality "1"]

1. e4 e5 2. f4 exf4 3. Bc4 d5 4. exd5 Qh4+ 5. Kf1 Bd6 6. Nf3 Qh6 7. Nc3 Ne7 8. Kf2 Nd7 9. Re1 g5 10. Ne4 g4 11. Nxd6+ cxd6 12. d4 Nf6 13. Qe2 0-0 14. Qxe7 gxf3 15. Rh1 Qh4+ 0-1

[Event "FRA-ch U16"]
[Site "Amiens"]
[Date "2001.04.08"]
[Round "2"]
[White "Bouchet, Sebastien"]
[Black "Milharoux, Guillaume"]
[Result "1-0"]
[WhiteElo "2194"]
[BlackElo "2050"]
[PlyCount "89"]
[EventDate "2001.04.??"]
[EventType "swiss"]
[EventRounds "9"]
[EventCountry "FRA"]
[SourceTitle "EXT 2005"]
[Source "ChessBase"]
[SourceDate "2004.11.15"]
[SourceVersion "1"]
[SourceVersionDate "2004.11.15"]
[SourceQuality "1"]

1. e4 c5 2. Nf3 d6 3. d4 cxd4 4. Nxd4 Nf6 5. Nc3 g6 6. Bc4 Bg7 7. h3 0-0 8. Bb3 a6 9. 0-0 b5 10. Re1 Bb7 11. Bg5 Nbd7 12. a4 b4 13. Nd5 e6 14. Nxf6+ Nxf6 15. Qd3 Qa5 16. Bh4 d5 17. e5 Nd7 18. Bg3 Nc5 19. Qe3 Qc7 20. Bf4 Rfc8 21. h4 Nxb3 22. cxb3 Qb6 23. h5 Bf8 24. Bg5 Bc5 25. Rad1 Kf8 26. Qf4 Rc7 27. Re3 Be7 28. Rf3 Bxg5 29. Qxg5 Re7 30. Qf6 Ke8 31. Qh8+ Kd7 32. Qxh7 f6 33. Qxg6 fxe5 34. Nf5 d4 35. Nxe7 Bxf3 36. Qf7 Bxh5 37. Nd5+ Bxf7 38. Nxb6+ Kc6 39. Nxa8 Kb7 40. Kf1 Bg6 41. f4 Bc2 42. Rd2 Bxb3 43. fxe5 Bc4+ 44. Kf2 d3 45. g4 1-0

[Event "Naujac op 04th"]
[Site "Naujac"]
[Date "2001.??.??"]
[Round "2"]
[White "Milharoux, Guillaume"]
[Black "Geveke, Michael"]
[Result "0-1"]
[WhiteElo "2046"]
[BlackElo "2279"]
[PlyCount "110"]
[EventDate "2001.08.??"]
[EventType "swiss"]
[EventRounds "7"]
[EventCountry "FRA"]
[SourceTitle "EXT 2002"]
[Source "ChessBase"]
[SourceDate "2001.11.25"]
[SourceVersion "1"]
[SourceVersionDate "2001.11.25"]
[SourceQuality "1"]

1. e4 e6 2. d4 d5 3. Nc3 Bb4 4. e5 c5 5. a3 Bxc3+ 6. bxc3 Qc7 7. Bd2 Nc6 8. Nf3 Nge7 9. Bd3 Bd7 10. 0-0 c4 11. Be2 f6 12. Be3 Ng6 13. Kh1 0-0-0 14. exf6 gxf6 15. Qd2 h5 16. Rfb1 Nce7 17. Rb4 Nf5 18. Rab1 Bc6 19. a4 Rdg8 20. Bf1 Nd6 21. Bf4 e5 22. dxe5 Ne4 23. Qe3 Nxf4 24. Nd4 fxe5 25. Nxc6 Qxc6 26. Qxa7 d4 27. Qa8+ Kd7 28. Qxb7+ Qxb7 29. Rxb7+ Ke6 30. Bxc4+ Kf5 31. Bxg8 Rxg8 32. g3 Nxf2+ 33. Kg1 N2h3+ 34. Kf1 Nd5 35. cxd4 exd4 36. R7b5 Ke4 37. Rb8 Ne3+ 38. Ke2 Nf4+ 39. Kd2 Nc4+ 40. Ke1 Ng2+ 41. Kf2 Rxb8 42. Rxb8 Nge3 43. Re8+ Kd5 44. Ke2 Nxc2 45. h3 Nb4 46. Rd8+ Ke4 47. Re8+ Ne5 48. a5 d3+ 49. Kd2 Kd4 50. Rd8+ Nd5 51. a6 Nc4+ 52. Kd1 Kc3 53. Rxd5 Ne3+ 54. Kc1 Nxd5 55. a7 d2+ 0-1